000 00376cam a22001337a 4500
008 180718b1969 xxu||||| |||| 00| 0 eng d
082 _aYA6 F383
100 _aFerkiss, Victor C.
245 _aTechnological man: the myth and the reality
_cby Victor C. Ferkiss
260 _aLondon
_bHeinemann
_c1969
300 _a336p.
650 _aIndustrial Research
650 _aTechnology
999 _c365360
_d365360